| 000 | 02580nam0a2200409 4500 | ||
|---|---|---|---|
| 001 | RU\NLR\BIBL_A\022585284 | ||
| 005 | 20260420050835.0 | ||
| 010 |
_a978-5-907998-04-9 _9500 |
||
| 021 |
_aRU _bКН-П-25-030120 _9КН-П-25-2973 |
||
| 035 | _a(NLR Aleph) 022585284 | ||
| 090 |
_a13678072 _c13678072 |
||
| 100 | _a20250715d2025 k y0rusy50 ca | ||
| 101 | 0 | _arus | |
| 102 | _aRU | ||
| 105 | _aa z 000yy | ||
| 181 | 0 |
_ai3 _baxxe |
|
| 182 | 0 | _an | |
| 200 | 1 |
_aГеодезический мониторинг сооружений и промышленного оборудования _eмонография _fН. Т. Кемербаев, А. А. Шоломицкий, С. Г. Могильный [и др.] _gМинистерство науки и высшего образования Российской Федерации, Федеральное государственное бюджетное образовательное учреждение высшего образования "Сибирский государственный университет геосистем и технологий" (СГУГиТ) |
|
| 203 |
_aТекст _bвизуальный _cнепосредственный |
||
| 210 |
_aНовосибирск _cСГУГиТ _d2025 |
||
| 215 |
_a206 с. _cил. _d20 |
||
| 300 | _aАвт. указаны на обороте тит. с. | ||
| 300 | _aНа 4-й с. обл. авт.: Кемербаев Н. Т., канд. тех. наук, Шоломицкий А. А., д-р тех. наук, проф., Могильный С. Г., д-р тех. наук, проф. и др. | ||
| 320 | _aБиблиогр.: с. 191-206 (177 назв.) | ||
| 606 | 1 |
_aТехнический контроль _xФизические методы _92616551 _3RU\NLR\AUTH\661553111 |
|
| 606 | 1 |
_aЗдания и сооружения _xТехническая диагностика _xГеодезические методы _92681543 _3RU\NLR\AUTH\6601761440 |
|
| 686 | 1 | _aЖ607с3 | |
| 686 | 1 | _aН7-082.051с5 | |
| 701 | 1 |
_aКемербаев _bН. Т. _gНурган Токанович |
|
| 701 | 1 |
_aШоломицкий _bА. А. _cАндрей Аркадьевич |
|
| 701 | 1 |
_aМогильный _bС. Г. _cСергей Георгиевич |
|
| 712 | 0 | 2 |
_4475 _aСибирский государственный университет геосистем и технологий _cНовосибирск _9513341 _3RU\NLR\AUTH\880424379 |
| 942 | _cBOOK | ||
| 980 | _aNB | ||